| 000 | 00369nam a22001577a 4500 | ||
|---|---|---|---|
| 003 | OSt | ||
| 005 | 20170105103444.0 | ||
| 008 | 120507t xxu||||| |||| 00| 0 eng d | ||
| 020 | _a 0716700220 | ||
| 040 | _cASAB | ||
| 100 |
_aDavid M. Raup _9266 |
||
| 245 | _aPrinciples of Paleontology | ||
| 300 | _a481 | ||
| 650 |
_aPrinciples of Paleontology _9267 |
||
| 942 |
_2lcc _cBK |
||
| 999 |
_c16536 _d16536 |
||